Statistics for Census County Divisions of Utah With a Map

Click here to take the quiz!

General Stats

  • This quiz has been taken 172 times
  • The average score is 32 of 93

Answers on the Map

Answers color-coded by a green-red scale on the quiz's map according to % correct below.
 

Answer Stats

CountyCCD% Correct
Salt LakeSalt Lake City
97%
UtahProvo-Orem
94%
WeberOgden
81%
WashingtonSt. George
79%
CacheLogan
73%
GrandMoab
73%
IronCedar City
66%
SummitPark City
66%
BeaverBeaver
61%
TooeleTooele-Grantsville
61%
UintahVernal
60%
TooeleDugway-Wendover
52%
UtahLehi
52%
JuabNephi
50%
DuchesneDuchesne
48%
KaneKanab
48%
Box ElderBrigham City
47%
San JuanBlanding
44%
WashingtonHurricane
44%
UtahSpanish Fork-Payson
44%
EmeryEmery-Ferron
42%
EmeryGreen River
42%
SanpeteEphraim-Manti
40%
MillardFillmore
40%
San JuanMonticello
40%
CarbonPrice
40%
SevierRichfield
40%
Box ElderTremonton
37%
UtahAmerican Fork-Pleasant Grove
35%
MillardDelta
35%
SevierMonroe
35%
IronParowan
35%
DuchesneRoosevelt
35%
GarfieldEscalante
34%
RichGarden City-Laketown
34%
Box ElderHowell-Snowville
34%
SanpeteGunnison
32%
GarfieldPanguitch
32%
RichRandolph-Woodruff
32%
SevierSalina
32%
CacheSmithfield
32%
EmeryCastle Dale-Huntington
31%
CarbonHelper
31%
CacheHyrum
31%
SummitKamas
31%
Box ElderWest Box Elder
31%
WashingtonEnterprise
29%
WayneLoa
29%
SanpeteMount Pleasant-Moroni
29%
UintahUintah and Ouray
29%
GrandUintah and Ouray
29%
WasatchUintah and Ouray
29%
JuabWest Juab
27%
SummitCoalville
26%
DaggettEast Daggett
26%
JuabEureka
26%
MillardGarrison-Sevier Lake
26%
PiuteMarysvale
26%
KaneOrderville
26%
DaggettWest Daggett
26%
PiuteCircleville
24%
CarbonEast Carbon
24%
WayneHanksville
24%
BeaverMilford-Minersville
24%
DavisSouth Davis
24%
Salt LakeCottonwood
23%
CacheEast Cache
23%
WasatchHeber City East
23%
WasatchHeber City South
23%
WasatchHeber City West
23%
CacheLewiston
23%
DavisNorth Davis
23%
DuchesneNorth Duchesne
23%
DuchesneSouth Duchesne
23%
IronBeryl-Newcastle
19%
GarfieldEast Garfield
19%
UtahGoshen
19%
MorganMorgan North
19%
MorganMorgan South
19%
GarfieldTropic
19%
Salt LakeMagna
18%
UtahSpringville-Mapleton
18%
CacheWellsville
18%
WasatchNorth Wasatch
16%
WeberNorthwest Weber
16%
WeberOgden Valley
16%
San JuanOljato
16%
TooeleRush Valley
16%
WasatchSoldier Summit
16%
Salt LakeBingham
15%
San JuanCasa del Eco Mesa-White Mesa
15%
Salt LakeEmigration
15%
GrandThompson Springs
15%

Score Distribution

Percentile by Number Answered

Percent of People with Each Score

Your Score History

You have not taken this quiz